Southville International School and Colleges
Your cart is empty.
  • Cart
  • Lists
    Public lists Eva Luna New books Lux_list list_1
    Your lists Log in to create your own lists
  • Log in to your account
  • Your cookies
  • Search history
Southville International School and Colleges
  • Advanced search
  • Recent comments
  • Most popular
  • Libraries

Log in to your account

Log in with GOOGLE


If you do not have an external account, but do have a local account, you can still log in:

  1. Home
  2. MARC view: The People's Republic of China and Richard Nixon, /
Normal view MARC view ISBD view

The People's Republic of China and Richard Nixon, / (Record no. 10138)

[ view plain ]
MARC details
000 -LEADER
fixed length control field 00997cam a2200301 4500
001 - CONTROL NUMBER
control field 2191166
003 - CONTROL NUMBER IDENTIFIER
control field OSt
005 - DATE AND TIME OF LATEST TRANSACTION
control field 20140310182158.0
008 - FIXED-LENGTH DATA ELEMENTS--GENERAL INFORMATION
fixed length control field 720602s1972 caua b 000 0 eng
010 ## - LIBRARY OF CONGRESS CONTROL NUMBER
LC control number 72183521
040 ## - CATALOGING SOURCE
Original cataloging agency DLC
Transcribing agency DLC
Modifying agency DLC
043 ## - GEOGRAPHIC AREA CODE
Geographic area code a-cc---
-- n-us---
050 00 - LIBRARY OF CONGRESS CALL NUMBER
Classification number E 183.8.C5
Item number .B87 1972
082 00 - DEWEY DECIMAL CLASSIFICATION NUMBER
Classification number HS 327.51
Item number .B85 1972
100 1# - MAIN ENTRY--PERSONAL NAME
Personal name Buss, Claude Albert.
9 (RLIN) 16077
245 14 - TITLE STATEMENT
Title The People's Republic of China and Richard Nixon, /
Statement of responsibility, etc Claude A. Buss.
260 ## - PUBLICATION, DISTRIBUTION, ETC. (IMPRINT)
Place of publication, distribution, etc Stanford, Calif.,
Name of publisher, distributor, etc Stanford Alumni Association,
Date of publication, distribution, etc c1972.
300 ## - PHYSICAL DESCRIPTION
Extent 111 p.
Other physical details illus.
Dimensions 23 cm.
440 #4 - SERIES STATEMENT/ADDED ENTRY--TITLE
Title The Portable Stanford,
Volume number/sequential designation 1
9 (RLIN) 16078
504 ## - BIBLIOGRAPHY, ETC. NOTE
Bibliography, etc Includes Bibliography.
541 ## - IMMEDIATE SOURCE OF ACQUISITION NOTE
-- 1
562 ## - COPY AND VERSION IDENTIFICATION NOTE
Number of copies 1
650 ## - SUBJECT ADDED ENTRY--TOPICAL TERM
Topical term or geographic name as entry element Unites States.
General subdivision foreign relations.
-- China.
9 (RLIN) 16079
650 ## - SUBJECT ADDED ENTRY--TOPICAL TERM
Topical term or geographic name as entry element China.
General subdivision foreign relations.
-- United States.
9 (RLIN) 16080
740 ## - ADDED ENTRY--UNCONTROLLED RELATED/ANALYTICAL TITLE
Uncontrolled related/analytical title China; the People's Republic of China and Richard Nixon.
906 ## - LOCAL DATA ELEMENT F, LDF (RLIN)
a 7
b cbc
c orignew
d 2
e ncip
f 19
g y-gencatlg
942 ## - ADDED ENTRY ELEMENTS (KOHA)
Source of classification or shelving scheme Library of Congress Classification
Koha item type
Holdings
Withdrawn status Lost status Source of classification or shelving scheme Damaged status Home library Current library Shelving location Date acquired Total Checkouts Full call number Barcode Date last seen Copy number Price effective from Koha item type
    Library of Congress Classification   Luxembourg Library Luxembourg Library High School Section 09/02/2013   E 183.8.C5 .B87 1972 1863 07/28/2015 1 09/02/2013 Books

The People's Republic of China and Richard Nixon, /

APA

Buss C. A., . (1972). The People's Republic of China and Richard Nixon. Stanford, Calif: Stanford Alumni Association.

Chicago

Buss Claude Albert, . 1972. The People's Republic of China and Richard Nixon. Stanford, Calif: Stanford Alumni Association.

Harvard

Buss C. A., . (1972). The People's Republic of China and Richard Nixon. Stanford, Calif: Stanford Alumni Association.

MLA

Buss Claude Albert, . The People's Republic of China and Richard Nixon. Stanford, Calif: Stanford Alumni Association. 1972.

  • Place hold
  • Print
  • Cite
  • Add to your cart (remove)
  • Save record
    BIBTEX Dublin Core MARCXML MARC (non-Unicode/MARC-8) MARC (Unicode/UTF-8) MARC (Unicode/UTF-8, Standard) MODS (XML) RIS
  • More searches
    Search for this title in:
    Other Libraries (WorldCat) Other Databases (Google Scholar) Online Stores (Bookfinder.com) Open Library (openlibrary.org)

Exporting to Dublin Core...

SOUTHVILLE LIBRARY

Southville International School and Colleges Library

1281 Tropical Ave. Cor. Luxembourg St., BF Homes International, Las Pinas City

Tel. No. 8256374 / 252358 Loc. 117/146

Powered by Koha